00995nam a2200301 i 4500001000300000100001600003245011700019260003800136300002900174490003200203504001200235650003800247650002500285650000800310655001800318700001800336830002900354020001500383040000800398041001100406080003400417920001800451942000700469008004100476999001700517856009800534952006100632bg1 aBAIRD, Sean10aSQL server - administracja /cSean Baird, Chris Miller ; [przekład z ang. Ryszard Jarża, Janusz Miroforidis]. aWrocław :bRobomatic,ccop 2000. a414 s. :brys. ;c24 cm.1 aBiblioteka Problemów ;v9 aIndeks. 9aBaza danychxbudowa i organizacja 9aBaza danychxochrona 9aSQL aPodręczniki1 aMILLER, Chris aBiblioteka Problemów ; a8387150169 cBPK1 aplhen a004.438SQL:004.6:004.056](07) a83-87150-16-9 cKS s pl f |000 0 pol  c40444d40444 uhttp://koha.tu.koszalin.pl/cgi-bin/koha/opac-detail.pl?biblionumber=40444yKatalog online BPK 00104070aBPKbBPKcwo61208p01635119q2026-08-08yKS